| 000 | 00790nam a22002057a 4500 | ||
|---|---|---|---|
| 003 | BD-DhUL | ||
| 005 | 20201108121346.0 | ||
| 008 | 201028s2019 bg a|||| |||| 00| 0 ben d | ||
| 020 | _a9789849392262 | ||
| 040 |
_aBD-DhUL _cBD-DhUL |
||
| 082 |
_a891.443 _bMAM |
||
| 100 | 1 | _aমামুন, রমজান আলী। | |
| 245 | 0 | 0 |
_aমিঠু তুমি স্বাধীনতা / _cরমজান আলী মামুন |
| 260 |
_aচট্টগ্রাম : _bঅক্ষরবৃত্ত, _c২০১৯ |
||
| 300 |
_a৪৮ পৃ. : _bসম্মুখ চিত্র, চিত্র (রঙিন) ; _c২৫ সেমি. |
||
| 365 |
_aBDT _b250.00 |
||
| 650 | 4 | _aবাংলা উপন্যাস | |
| 650 | 4 | _aBengali fiction | |
| 942 |
_2ddc _cBK |
||
| 999 |
_c252152 _d252152 |
||